Statistics for State by Biggest City and Capital

Click here to take the quiz!

General Stats

  • This quiz has been taken 33 times
    (13 since last reset)
  • The average score is 75 of 100

Answer Stats

Hint Answer % Correct
NevadaLas Vegas
100%
GeorgiaAtlanta
100%
LouisianaNew Orleans
100%
CaliforniaSacramento
100%
CaliforniaLos Angeles
100%
ColoradoDenver
100%
New YorkNew York City
92%
MassachusettsBoston
92%
IllinoisChicago
92%
TennesseeNashville
92%
HawaiiHonolulu
92%
AlabamaMontgomery
92%
IndianaIndianapolis
92%
ArkansasLittle Rock
92%
ArkansasLittle rock
92%
UtahSalt Lake City
83%
MissouriKansas City
83%
MississippiJackson
83%
AlaskaJuneau
83%
MichiganDetroit
83%
AlaskaAnchorage
83%
North CarolinaCharlotte
83%
MainePortland
83%
OhioColumbus
83%
ArizonaPhoenix
83%
DelawareDover
83%
KentuckyLouisville
83%
NevadaCarson City
83%
TexasHouston
83%
TexasAustin
83%
TennesseeMemphis
83%
OklahomaOklahoma City
83%
PennsylvaniaPhiladelphia
83%
North DakotaBismarck
75%
South DakotaPierre
75%
OregonSalem
75%
WisconsinMadison
75%
WashingtonSeattle
75%
New YorkAlbany
75%
Rhode IslandProvidence
75%
New MexicoSanta Fe
75%
New JerseyTrenton
75%
North CarolinaRaleigh
75%
MontanaHelena
75%
WyomingCheyenne
75%
ConnecticutHartford
75%
AlabamaBirmingham
75%
FloridaJacksonville
75%
IdahoBoise
75%
IlinoisSpringfield
75%
MinnesotaMinneapolis
75%
MinnesotaSaint Paul
75%
IowaDes Moines
75%
NebraskaLincoln
75%
KentuckyFrankfort
67%
West VirginiaCharleston
67%
FloridaTallahassee
67%
KansasTopeka
67%
NebraskaOmaha
67%
MarylandAnnapolis
67%
MarylandBaltimore
67%
MichiganLansing
67%
New MexicoAlbuquerque
67%
MaineAugusta
58%
LouisianaBaton Rouge
58%
WisconsinMilwaukee
58%
WashingtonOlympia
58%
VirginiaRichmond
58%
VermontMontpelier
58%
KansasWichita
58%
New JerseyNewark
58%
MissouriJefferson City
58%
South CarolinaColumbia
58%
PennsylvaniaHarrisburg
58%
South DakotaSioux Falls
50%
VirginiaVirginia Beach
50%
VermontBurlington
42%
New HampshireConcord
42%
MontanaBillings
42%
North DakotaFargo
42%
New HampshireManchester
42%
DelawareWilmington
25%
ConnecticutBridgeport
17%

Score Distribution

Percentile by Number Answered

Percent of People with Each Score

Your Score History

You have not taken this quiz since the last reset